00554pam a2200193 a 4500001000800000005001700008008004100025010001700066020001500083040002300098041000800121060003700129080001500166082001900181100000600200101000800206245010700214504003900321335148520180809075034.0860617s1986 nyua b 001 0 eng c a 86017146  a0443083215 aDNLM/DLCcDLCdDLC aeng aW1 CL831AI v. 10 /aWS 290 C2675 a618.92 SWE00a618.92 SWE219 a8 aPED00aCardiovascular problems in pediatric critical care /cedited by David B. Swedlow, Russell C. Raphaely. aIncludes bibliographies and index.